Solidaridad y Derechos Humanos en tiempos de crisis

Bibliographic Details
Main Author: G. Losano, Mario
Format: eBook
Language:Spanish
Published: Madrid : Dykinson, 2011
Subjects:
Online Access:Acceso restringido

MARC

LEADER 00000nam a22000007a 4500
005 20120921144419.0
007 cr|||| ||||
008 120921s2011 sp |||||s|||| 00||0 spa d
020 |a 978-84-15454-73-1 
035 |a 6341 
040 |a vLex 
090 |c 3462  |d 3462 
100 1 |a G. Losano, Mario 
245 1 0 |a Solidaridad y Derechos Humanos en tiempos de crisis  |h [Recurso electrn̤ico] /  |c Mario G. Losano  
256 |a Servicio en ln̕ea 
260 |a Madrid :  |b Dykinson,  |c 2011 
300 |a 1 recurso electrn̤ico 
650 0 4 |a Derechos humanos 
740 0 |a vLex Libros (Servicio en ln̕ea) 
856 4 0 |u http://vlex.com/source/solidaridad-derechos-humanos-tiempos-crisis-6341  |z Acceso restringido 
942 |c BOOK 
999 0 |a Human rights